European Capitals Sudden Death - Statistics

General Stats
  • This quiz has been taken 43 times
  • The average score is 13 of 14
Answers on the Grid
Answers color-coded by a green-red scale on the quiz's grid according to % correct below.
Bern
Cologne
Milan
Rome
Paris
Munich
Maseille
Madrid
Vilnius
Sofia
Istanbul
Helsinki
Manchester
London
Glasgow
Innsbruck
Dublin
Stockholm
Oslo
Groningen
Antwerp
Amsterdam
Rotterdam
Monaco
Vaduz
 
Answer Stats
Answer % Correct
Paris
100%
Rome
97%
Madrid
94%
Amsterdam
91%
London
91%
Stockholm
91%
Dublin
88%
Sofia
88%
Vilnius
88%
Bern
85%
Helsinki
85%
Oslo
85%
Monaco
82%
Vaduz
82%
No matching quizzes found
Score Distribution
Percent of People with Each Score
Percentile by Number Answered
Your Score History
You have not taken this quiz